| 000 | 01511nam a22003017a 4500 | ||
|---|---|---|---|
| 005 | 2011120805565.0 | ||
| 008 | 111208s2011 cau|||||d|||| 001 0 eng d | ||
| 020 | _a1881883159 | ||
| 020 | _a9781881883159 | ||
| 082 |
_222 _a629.41 _bSPA |
||
| 245 |
_aSpace mission engineering : _bthe new SMAD / _cedited by James R. Wertz, David F. Everett, Jeffery J. Puschell |
||
| 246 | _aNew Space mission analysis and design | ||
| 260 |
_aHawthorne, CA _bMicrocosm Press : _cc2011. |
||
| 300 |
_axvi, 1033 p. : _bill., tables ; _c28 cm |
||
| 490 |
_928057 _aSpace technology library _v28 |
||
| 500 | _aPrinted material on endpapers | ||
| 500 | _aThis book is a completely rewritten, updated, and expanded follow-on to the 3rd edition of Space mission analysis and design | ||
| 504 | _aIncludes bibliographical references and index | ||
| 650 |
_928058 _aSpace flight _xPlanning |
||
| 650 |
_928059 _aSpace vehicles _xDesign and construction |
||
| 653 |
_bGen _cDecember2011 |
||
| 700 |
_928060 _aWertz, James Richard |
||
| 700 |
_928061 _aEverett, David F |
||
| 700 |
_928062 _aPuschell, Jeffery John |
||
| 942 |
_2ddc _cBB |
||
| 999 |
_c16309 _d16309 |
||